Sơn Nam - Theo chân người tình & Một mảnh tình riêng Ghi chép
সংরক্ষণ করুন:
| প্রধান লেখক: | |
|---|---|
| বিন্যাস: | গ্রন্থ |
| ভাষা: | Undetermined |
| প্রকাশিত: |
TP.HCM
Trẻ
2006
|
| বিষয়গুলি: | |
| অনলাইন ব্যবহার করুন: | http://lrc.tdmu.edu.vn/opac/search/detail.asp?aID=2&ID=3968 |
| ট্যাগগুলো: |
ট্যাগ যুক্ত করুন
কোনো ট্যাগ নেই, প্রথমজন হিসাবে ট্যাগ করুন!
|
| Thư viện lưu trữ: | Trung tâm Học liệu Trường Đại học Thủ Dầu Một |
|---|
| LEADER | 00652nam a2200205Ia 4500 | ||
|---|---|---|---|
| 001 | TDMU_3968 | ||
| 008 | 210410s9999 xx 000 0 und d | ||
| 082 | |a 895.922803 | ||
| 090 | |b S463 | ||
| 100 | |a Sơn Nam | ||
| 245 | 0 | |a Sơn Nam - Theo chân người tình & Một mảnh tình riêng | |
| 245 | 0 | |b Ghi chép | |
| 245 | 0 | |c Sơn Nam | |
| 260 | |a TP.HCM | ||
| 260 | |b Trẻ | ||
| 260 | |c 2006 | ||
| 300 | |a 283tr. | ||
| 650 | |a Ghi chép văn học; Văn học Việt Nam |x Ghi chép | ||
| 856 | |u http://lrc.tdmu.edu.vn/opac/search/detail.asp?aID=2&ID=3968 | ||
| 980 | |a Trung tâm Học liệu Trường Đại học Thủ Dầu Một | ||